000 00260nam a22001217a 4500
008 170908b xxu||||| |||| 00| 0 eng d
041 _aeng
080 _a91
100 _a42
101 _aGEO
245 _aVAN LOONS GEOGRAPHY
_cSCHUSTER.S
942 _2udc
_cBK
999 _c26693
_d26693